000 00346 a2200109 4500
001 ART_10871
005 20260410161849.0
008 260409a
245 1 0 _aEquilibrio y optimalidad en economía de intercambios lineales
100 1 _aMantel, Rolf R.
773 0 _tEconómica
_g- Año XXV, Nº 1/2/3 (ene./dic. 1979)
_wREV7541
999 _c24795
_d24795